000 00774nam a2200193 a 4500
001 001197180
003 AM-YeHGA
005 20250617152902.0
008 161214s1978 ru r 000 0 rus d
040 _aAM-YeHGA
041 0 _arus
100 1 _aОнисовец, Владимир Константинович
245 1 0 _aМежхозяйственная кооперация в животноводстве /
_cВ.К. Онисовец.
260 _aМосква :
_bЗнание,
_c1978.
300 _a64 с. :
_bил.
440 0 _aНовое в жизни, науке, технике
_pСерия "Сельское хозяйство"
_v11
653 0 _aЖивотноводство - Специализация и кооперирование
090 _c381730
999 _c379810
_d379810